| 000 | 00588nam a22002297a 4500 | ||
|---|---|---|---|
| 003 | UA-OsUOA | ||
| 001 | 84324 | ||
| 007 | ta | ||
| 008 | 20120530b un ||||| |||| 00| 0 ukr d | ||
| 090 |
_a94 _bA-11 |
||
| 942 | _cMG | ||
| 040 |
_aUA-OsUOA _bpol _cUA-OsUOA _dUA-OsUOA |
||
| 245 |
_aAparat represji w Polsce Ludowej 1944-1989 _cRecenzent prof. dr hab. Wlodzimierz Suleja |
||
| 300 | _aC.595 с. | ||
| 955 | _a1 | ||
| 041 | _apol | ||
| 080 | _a94 | ||
| 022 | _a1733-6996 | ||
| 260 | _aRzeszow | ||
| 044 | _aPL | ||
| 650 | 7 |
_a9 Географія. Біографії. Історія _2UDC |
|
| 999 |
_c370641 _d370641 |
||